Survivors who've played 3+ times - Statistics

General Stats
  • This quiz has been taken 114 times
  • The average score is 26 of 30
Answer Stats
Times Played Seasons Played Answer % Correct
5 Marquesas, All-Stars, Heroes vs Villains, Redemption Island, Island of the Idols, Winners at War "Boston" Rob Mariano
100%
4 Pearl Islands, Heroes vs Villains, Game Changers, Island of the Idols, Winners at War Sandra Diaz-Twine
99%
4 Cook Islands, Micronesia: Fans vs Favorites, Heroes vs Villains, Winners at War Paravti Shallow
96%
4 Panama: Exile Island, Micronesia: Fans vs Favorites, Heroes vs Villains, Game Changers Cirie Fields
95%
3 Tocantins, Heroes vs Villains, Game Changers J.T. Thomas
95%
4 Cook Islands, Micronesia: Fans vs Favorites, South Pacifc, Game Changers Ozzy Lusth
95%
4 Pearl Islands, All-Stars, Heroes vs Villains, Blood vs Water Rupert Boneham
95%
3 Cagayan, Game Changers, Winners at War Tony Vlachos
95%
3 China, Micronesia: Fans vs Favorites, Heroes vs Villains Amanda Kimmel
93%
3 China, Micronesia: Fans vs Favorites, Heroes vs Villains James Clement
93%
3 Samoa, Heroes vs Villains, Redemption Island Russell Hantz
93%
4 Tocantins, Heroes vs Villains, Blood vs Water, Winners at War Tyson Apostol
92%
3 Tocantins, Heroes vs Villains, South Pacific Benjamin "Coach" Wade
89%
3 Cagayan, Game Changers, Winners at War Sarah Lacina
89%
3 Australian Outback, All-Stars, Winners at War Amber Mariano
85%
3 San Juan Del Sur, Cambodia: Second Chance, Winners at War Jeremy Collins
85%
3 Australian Outback, All-Stars, Heroes vs Villians Colby Donaldson
83%
3 Africa, All-Stars, Winners at War Ethan Zohn
83%
3 Cook Islands, Micronesia: Fans vs Favorites, Philippines Jonathan Penner
83%
3 Cook Islands, Heroes vs Villains, Blood vs Water Candice Cody
81%
3 Australian Outback, All-Stars, Blood vs Water Tina Wesson
80%
3 Worlds Apart, Cambodia: Second Chance, Edge of Extinction Joe Anglim
79%
3 Australian Outback, All-Stars, Heroes vs Villians Jerri Manthey
77%
3 San Juan Del Sur, Cambodia: Second Chance, Edge of Extinction Kelley Wentworth
76%
3 Kaoh Rong, Game Changers, Edge of Extinction Aubry Bracco
73%
3 Blood vs Water, Cambodia: Second Chance, Game Changers Ciera Eastin
73%
3 Philippines, Caramoan: Fans vs Favorites 2, Game Changers Malcolm Freberg
73%
3 Palau, Guatemala, Heroes vs Villains Stephenie LaGrossa
73%
3 Redemption Island, Caramoan: Fans vs Favorites 2, Game Changers Andrea Boehlke
72%
3 Australian Outback, Cambodia: Second Chance, Game Changers Jeff Varner
71%
No matching quizzes found
Score Distribution
Percent of People with Each Score
Percentile by Number Answered
Your Score History
You have not taken this quiz